Elementary studies in plant life /

محفوظ في:

المؤلف الرئيسي: Fritsch, Felix Eugene, 1879-

مؤلفون آخرون: Salisbury, Edward James, Sir, b. 1886.

التنسيق: كتاب

اللغة: English

منشور في: London : G. Bell, 1928.

الموضوعات:

الوسوم: إضافة وسم

لا توجد وسوم, كن أول من يضع وسما على هذه التسجيلة!

رقم الطلب: QK714 .F65 1928

LEADER 00599nam a22002057a 4500
003 OSt
005 20251117130913.0
008 251117t1928 enka 001 0 eng d
040 |c ARCE Library 
050 1 4 |a QK714  |b .F65 1928 
100 1 |a Fritsch, Felix Eugene,   |d 1879- 
245 1 0 |a Elementary studies in plant life /   |c F.E. Fritsch and E.J. Salisbury. 
264 1 |a London :  |b G. Bell,  |c 1928. 
300 |a xv, 194 p. :  |b ill. ;  |c 19 cm. 
500 |a Includes index. 
650 0 |a Plants. 
700 1 |a Salisbury, Edward James,   |c Sir,   |d b. 1886. 
901 |a reviewed 
942 |2 lcc  |c BK 
999 |c 48732  |d 48732